000 00504nam a2200145Ia 4500
008 100122s9999 xx 000 0 und d
082 _b70998
_a824
100 _aघाटे निरंजन
245 _aअमेरिकन चित्रपटसृष्टी
260 _bप्राजकत
_c2006
300 _a136
630 _aअमेरिकन चित्रपटसृष्टी
730 _aअमेरिकन चित्रपटसृष्टी
942 _cBOOK
999 _c441684
_d441681